| 000 | 00517nam a2200169Ia 4500 | ||
|---|---|---|---|
| 003 | IN-BaIIA | ||
| 008 | 211028s9999 xx 000 0 eng d | ||
| 040 | _cIIA Library | ||
| 080 |
_a058.7:52 _bAAS |
||
| 110 |
_aAmerican Astronomical Society _94342 |
||
| 245 | 0 |
_aAAS membership directory 2000 _cAmerican Astronomical Society |
|
| 260 |
_aWashington _bAmerican Astronomical Society _c2000 |
||
| 300 | _a285p. | ||
| 650 |
_aastronomers _94625 |
||
| 650 |
_adirectory _9567 |
||
| 942 | _cBK | ||
| 999 |
_c13342 _d13342 |
||